ՀՀ Գիտությունների ազգային ակադեմիայի հիմնարար գիտական գրադարան  =   Fundamental Scientific Library of NAS RA

Современный якутский язык / (Record no. 499436)

MARC details
000 -LEADER
fixed length control field 01181nam a2200253 a 4500
001 - CONTROL NUMBER
control field 001080126
003 - CONTROL NUMBER IDENTIFIER
control field AM-YeHGA
005 - DATE AND TIME OF LATEST TRANSACTION
control field 20250617163019.0
008 - FIXED-LENGTH DATA ELEMENTS--GENERAL INFORMATION
fixed length control field 150519m1947 ru r 000 0 rus d
040 ## - CATALOGING SOURCE
Original cataloging agency AM-YeHGA
041 0# - LANGUAGE CODE
Language code of text/sound track or separate title rus
090 ## - LOCALLY ASSIGNED LC-TYPE CALL NUMBER (OCLC); LOCAL CALL NUMBER (RLIN)
-- 502846
100 1# - MAIN ENTRY--PERSONAL NAME
Personal name Харитонов, Лука Никифорович
245 10 - TITLE STATEMENT
Title Современный якутский язык /
Statement of responsibility, etc. Л.Н. Харитонов; НИИ языка, литературы и истории ЯАССР; Под ред. Н.К. Дмитриева.
260 ## - PUBLICATION, DISTRIBUTION, ETC.
Place of publication, distribution, etc. Якутск :
Name of publisher, distributor, etc. Госиздат ЯАССР,
Date of publication, distribution, etc. 1947-.
300 ## - PHYSICAL DESCRIPTION
Extent Часть ;
Dimensions 20 см.
504 ## - BIBLIOGRAPHY, ETC. NOTE
Bibliography, etc. note Библиогр. в подстроч. примеч.
505 10 - FORMATTED CONTENTS NOTE
Miscellaneous information Ч. 1 (1947, 311, [1] с., ил) :
Title фонетика и морфология
650 14 - SUBJECT ADDED ENTRY--TOPICAL TERM
Topical term or geographic name entry element Якутский язык
General subdivision Грамматика
650 14 - SUBJECT ADDED ENTRY--TOPICAL TERM
Topical term or geographic name entry element Якутский язык
General subdivision Фонетика
650 14 - SUBJECT ADDED ENTRY--TOPICAL TERM
Topical term or geographic name entry element Якутский язык
General subdivision Морфология
700 1# - ADDED ENTRY--PERSONAL NAME
Personal name Дмитриев, Н.К.
Relator term ред.
Relationship edt
710 2# - ADDED ENTRY--CORPORATE NAME
Corporate name or jurisdiction name as entry element Научно-исследовательский институт языка, литературы и истории ЯАССР
Holdings
Withdrawn status Lost status Damaged status Not for loan Collection Home library Current library Date acquired Serial enumeration / chronology Total checkouts Full call number Barcode Date last seen Price effective from Koha item type Public note
        General Fundamental Scientific Library Fundamental Scientific Library 04/10/2019 Ч. 1   РД II/64359 FL0599992 04/10/2019 04/10/2019 Գրքեր / Books 30 Days Loan


ՀՀ ԳԱԱ հիմնարար գիտական գրադարան
ՀՀ,Երևան 0019
Մարշալ Բաղրամյան 24/6
հեռախոս:(374-10) 52-47-50
Հետադարձ կապ

All site content, except where otherwise noted, is licensed under a
Creative Commons License